| 000 | 02031nam a2200457 i 4500 | ||
|---|---|---|---|
| 001 | ebr10856818 | ||
| 003 | CaPaEBR | ||
| 006 | m o d | ||
| 007 | cr cn||||||||| | ||
| 008 | 140415t20142014si ob 001 0 eng d | ||
| 020 | _z9781118844984 | ||
| 020 | _a9781118904541 (e-book) | ||
| 020 | _a9781118844991 (e-book) | ||
| 020 | _a9781118845004 (e-book) | ||
| 040 |
_aCaPaEBR _beng _erda _epn _cCaPaEBR |
||
| 035 | _a(OCoLC)878149093 | ||
| 050 | 1 | 4 |
_aHG4529 _b.H344 2014eb |
| 082 | 0 | 4 |
_a332.6 _223 |
| 100 | 1 |
_aHageback, Niklas, _eauthor. |
|
| 245 | 1 | 4 |
_aThe mystery of market movements : _ban archetypal approach to investment forecasting and modeling / _cNiklas Hageback. |
| 264 | 1 |
_aSingapore : _bBloomberg Press, _c2014. |
|
| 264 | 4 | _c�2014 | |
| 300 | _a1 online resource (194 pages). | ||
| 336 |
_atext _2rdacontent |
||
| 337 |
_acomputer _2rdamedia |
||
| 338 |
_aonline resource _2rdacarrier |
||
| 490 | 1 | _aBloomberg Financial Series | |
| 504 | _aIncludes bibliographical references at the end of each chapters and index. | ||
| 588 | _aDescription based on online resource; title from PDF title page (ebrary, viewed April 14, 2014). | ||
| 590 | _aElectronic reproduction. Palo Alto, Calif. : ebrary, 2015. Available via World Wide Web. Access may be limited to ebrary affiliated libraries. | ||
| 650 | 0 | _aInvestment analysis. | |
| 650 | 0 |
_aInvestment analysis _xPsychological aspects. |
|
| 650 | 0 | _aInvestments. | |
| 650 | 0 |
_aInvestments _xPsychological aspects. |
|
| 650 | 0 |
_aSpeculation _xPsychological aspects. |
|
| 655 | 0 | _aElectronic books. | |
| 776 | 0 | 8 |
_iPrint version: _aHageback, Niklas. _tMystery of market movements : an archetypal approach to investment forecasting and modeling. _dSingapore : Bloomberg Press, c2014 _hix, 182 pages _kBloomberg financial series. _z9781118844984 |
| 797 | 2 | _aebrary. | |
| 830 | 0 | _aBloomberg financial series. | |
| 856 | 4 | 0 |
_uhttp://site.ebrary.com/lib/rucke/Doc?id=10856818 _zAn electronic book accessible through the World Wide Web; click to view |
| 999 |
_c101911 _d101911 |
||